Harry Potter Movie Picture Quiz - Characters #2 - Statistics

General Stats
  • This quiz has been taken 42 times
  • The average score is 12 of 16
Answer Stats
Picture Answer % Correct
Minerva McGonagall
97%
Severus Snape
95%
Cedric Diggory
89%
Barty Crouch Jr.
84%
Vernon Dursley
84%
Aberforth Dumbledore
81%
Lavender Brown
81%
Colin Creevey
78%
Dean Thomas
78%
Angelina Johnson
73%
Horace Slughorn
73%
Stan Shunpike
65%
Fenrir Greyback
59%
Garrick Ollivander
57%
Albert Runcorn
43%
Mafalda Hopkirk
41%
No matching quizzes found
Score Distribution
Percent of People with Each Score
Percentile by Number Answered
Your Score History
You have not taken this quiz